000
00207nam a22000857a 4500
008
240220b |||||||| |||| 00| 0 eng d
082
_a
A
_b
BOTB
245
_a
Mis primeras habilidades:
_b
¡Botones!
942
_2
ddc
999
_c
30653
_d
17037